Latin American growth and its integration into the world economy /
sin resumen
Guardado en:
| Hovedforfatter: | |
|---|---|
| Format: | Ukendt |
| Sprog: | Spanish |
| Tags: |
Tilføj Tag
Ingen Tags, Vær først til at tagge denne postø!
|
MARC
| LEADER | 00000 a2200000 04500 | ||
|---|---|---|---|
| 001 | 2750 | ||
| 003 | cru CIDCACS/IIS | ||
| 005 | 20240206142936.0 | ||
| 008 | 240206b |||||||| |||| 00| 0 spa d | ||
| 040 | |c cru CIDCACS/IIS | ||
| 100 | 1 | |a Berégovoy, Pierre |9 11872 |e Autor | |
| 245 | 1 | |a Latin American growth and its integration into the world economy / |c Pierre Berégovoy | |
| 300 | |a páginas 23-31 | ||
| 520 | |a sin resumen | ||
| 773 | 0 | |0 45483 |9 10602 |a Emmerij, Louis |d París: Development Centre of the Organisation for Economic Co-operation and Development, 1991 |o MFN: 2750 |t Restoring financial flows to Latin America / |z 926413476X, | |
| 942 | |2 ddc |c PP | ||
| 999 | |c 9275 |d 9275 | ||



